000 01250nam a2200313 i 4500
001 184746
003 ES-MaACL
005 20260507121546.0
008 151125s2010 sp |||| | spa d
020 _a978-84-8448-542-1
080 _a821.134.2 Marías, Javier 1.07
080 _a821.134.2 Vila-Matas, Enrique 1.07
080 _a165.242.1(0:82)
100 1 _aPozuelo Yvancos, José María.
_993557
245 1 0 _aFiguraciones del yo en la narrativa
_b: Javier Marías y E. Vila-Matas /
_cJosé María Pozuelo Yvancos.
260 _a[Valladolid] :
_bCátedra Miguel Delibes,
_c[2010]
300 _a231 p. ;
_c22 cm.
490 1 _aEnsayos literarios ;
_v6
600 1 7 _aMarías, Javier,
_d1951-2022-
_xCrítica e interpretación
_9158237
600 1 4 _aVila-Matas, Enrique-
_xCrítica e interpretación.
_9138467
650 4 _aYo (Filosofía)-
_xEn la literatura.
_9158238
710 2 _aCátedra Miguel Delibes.
_9158239
830 1 _aEnsayos literarios ;
_v6
_9192235
852 4 _aES-MaACL
_jA-13648
_9191757
_bR.150805
_cDEPO1
_dOlim: N-6648
_hDonacion: Real Academia Española
_xEnc. cart.
914 _96336
_aReal Academia Española
_ednr
942 _2udc
_cMONOGRAFIA
999 _c184746
_d184746